00365 a2200109 4500001000900000005001700009008004100026245008900067100002100156700002400177773005400201ART_760820260410161637.0260409a 10aEl difuso límite entre el monotributo y los régimenes generales de tributación1 aLorenzo, Armando1 aCavalli, César M.0 tConsultor tributariog- Nº 4 (jun. 2007)wREV474